000 00336 a2200157 4500
001 57320
020 _a8535904972
040 _cAnchieta - Pituba
100 _aRees, Celia
240 1 0 _aSangue de feiticeira
_lpor
245 1 0 _aSangue de feiticeira
300 _a267
362 0 _a2004
650 4 _aLiteratura juvenil
942 _cBK
999 _c57320
_d57320